[Event "IECC Swiss email"]
[Site "IECC email"]
[Date "2000.12.13"]
[Round "?"]
[White "Fan, Andrew"]
[Black "Winkel, Bjarne"]
[Result "1/2-1/2"]
[WhiteElo "1232"]
[BlackElo "1478"]
[PlyCount "86"]
[EventDate "2000.??.??"]
[EventType "tourn (corr)"]
[EventRounds "6"]
[SourceTitle "Corr 2008"]
[Source "ChessBase"]
[SourceDate "2008.06.24"]
[SourceVersion "1"]
[SourceVersionDate "2008.06.24"]
[SourceQuality "1"]

1. d4 Nf6 2. c4 e6 3. Nc3 Bb4 4. e3 0-0 5. Bd3 Bxc3+ 6. bxc3 Re8 7. Nf3 d5 8. 0-0 Nbd7 9. Nd2 c5 10. Qc2 b6 11. Bb2 Ba6 12. Rfd1 Rc8 13. Qa4 Bxc4 14. Bxc4 dxc4 15. Qxc4 cxd4 16. Qxd4 e5 17. Qb4 Nc5 18. Ne4 Nd5 19. Qb5 a6 20. Qc4 b5 21. Qxd5 Qxd5 22. Rxd5 Nxe4 23. Rc1 Red8 24. c4 bxc4 25. Rxc4 f6 26. f3 Rxd5 27. Rxc8+ Kf7 28. Rc7+ Kg6 29. h4 Rd1+ 30. Kh2 Nd2 31. Bc1 Nb1 32. a4 Rd3 33. Rb7 Na3 34. h5+ Kxh5 35. Rxg7 Kh6 36. Rc7 Kg6 37. Rc6 a5 38. Rc5 Nb1 39. Rb5 Na3 40. Rxa5 Nc4 41. Rc5 Nxe3 42. a5 Nf5 43. a6 Rd8 1/2-1/2

[Event "IECC CL7-2000.34"]
[Site "IECC email"]
[Date "2000.06.29"]
[Round "?"]
[White "Fan, Andrew"]
[Black "Hutton, Andrew D"]
[Result "1-0"]
[WhiteElo "1229"]
[BlackElo "1149"]
[PlyCount "47"]
[EventDate "2000.??.??"]
[EventType "tourn (corr)"]
[EventRounds "4"]
[SourceTitle "Corr 2008"]
[Source "ChessBase"]
[SourceDate "2008.06.24"]
[SourceVersion "1"]
[SourceVersionDate "2008.06.24"]
[SourceQuality "1"]

1. e4 c5 2. Nf3 d6 3. d4 cxd4 4. Nxd4 Nf6 5. Nc3 Nc6 6. Bg5 e5 7. Nxc6 bxc6 8. Bc4 Be7 9. 0-0 h6 10. Be3 0-0 11. f3 a6 12. Qd2 Kh7 13. Rad1 c5 14. Qd3 Bb7 15. f4 Qb6 16. fxe5 dxe5 17. Nd5 Nxd5 18. exd5+ g6 19. d6 Bd8 20. Bxf7 e4 21. Qc4 Rc8 22. Bxg6+ Kxg6 23. Rxf8 Bg5 24. Qf7# 1-0

[Event "IECC M email"]
[Site "IECC email"]
[Date "1998.04.26"]
[Round "?"]
[White "Fan, Andrew"]
[Black "Boyce, Harry"]
[Result "0-1"]
[WhiteElo "1053"]
[BlackElo "1039"]
[PlyCount "54"]
[EventDate "1998.??.??"]
[EventType "tourn (corr)"]
[EventRounds "12"]
[SourceTitle "Corr 2008"]
[Source "ChessBase"]
[SourceDate "2008.06.24"]
[SourceVersion "1"]
[SourceVersionDate "2008.06.24"]
[SourceQuality "1"]

1. Nf3 d5 2. d4 e6 3. a3 Nf6 4. Bg5 Bd6 5. Nc3 0-0 6. e4 dxe4 7. Nxe4 Be7 8. Bd3 Nxe4 9. Bxe7 Nxf2 10. Bxd8 Nxd1 11. Bxc7 Nxb2 12. Bb5 Bd7 13. Bxd7 Nxd7 14. 0-0 Rac8 15. Bf4 Rxc2 16. Ne5 Nxe5 17. dxe5 Rfc8 18. Rf2 Nd3 19. Rxc2 Rxc2 20. Rd1 Rc3 21. a4 f6 22. exf6 Nxf4 23. fxg7 Rc2 24. g3 Nh3+ 25. Kf1 Rf2+ 26. Ke1 Kxg7 27. Rd7+ Rf7 0-1